Представление документа в формате RUSMARC

ПолеНазваниеЗначение
  Тип записи a
  Библиографический уровень a
001 Контрольный номер RU/УОНБ/EK_KRAY/320905103
005 Дата корректировки 20230311160901.2
100 Данные общей обработки __
a Данные общей обработки 20051011d2005 u u0rusy0103 ba
101 Язык документа 0_
a Язык текста rus
200 Заглавие и сведения об ответственности 1_
a Заглавие Орлов хотят переименовать
210 Выходные данные 1_
d Дата издания 2005
330 Аннотация __
a Аннотация Экспедиция орнитологов в Радищевском р-не.
461 Уровень набора _0
1 2001
a Симбирский курьер
463 Уровень физической единицы _0
1 2000
a 9 авг.
v С. 2
1 210
d 2005
1 215
c фот.
607 Географические рубрики 0_
a Географическое наименование Радищевский район (Ульяновская область)
610 Ключевые слова 0_
a Ключевые слова орнитология
610 Ключевые слова 0_
a Ключевые слова экспедиции
610 Ключевые слова 0_
a Ключевые слова орел-могильник
686 Индексы других классификаций __
a Классификационный индекс 28.693.35
2 Код системы rubbk
801 Источник записи _0
a Страна RU
b Организация Ульяновская ОНБ
c Дата составления 20051011
g Правила каталогизации PSBO
801 Источник записи _1
a Страна RU
b Организация Ульяновская ОНБ
c Дата составления 20051011
901 Тип документа __
t Тип документа f
938 Служебная информация __
a Имя БД kraeved_work
b Имя библиотеки УОНБ
c Имя АИБС МАРК-SQL
d Номер DOC_ID в БД 49009